Culture Générale - Série 2206 - Statistiques

Statistiques générales
  • Ce quiz a été pris 114 fois
  • Le résultat moyen est 7 sur 10
Statistiques - réponses
Question Réponse % Correct
Vêtement composé d'un pantalon à taille haute dont le devant se prolonge vers le haut et qui s'attache à l'aide de bretelles - voir bretelles salopette
90%
Quel lac est situé à cheval sur le Pérou et la Bolivie ? Titicaca
84%
Dans quel pays sud américain est mort Ernesto "Che" Guevara en Octobre 1967 ? Bolivie
83%
Qu'est ce qu'est la Cancoillotte ? fromage
81%
Dans quel pays peut-on voir les "lignes de Nazca" ? Pérou
74%
Quel célèbre hospice de Bourgogne réalise ses ventes aux enchères fin novembre dans un cadre caritatif ? Beaune
71%
Dans quel état des Etats Unis se trouve la ville d'Albuquerque ? Nouveau-Mexique
55%
Qu'appelle-t-on familièrement "pébroc" ou "pébroque" ? parapluie
54%
Dans quel département français se trouve la ville de Pontarlier ? Doubs
47%
Comment s'appelle les chutes d'eau à la frontière entre le Brésil et l'Argentine ? Iguazu
36%
Aucun quiz correspondant
Distribution des résultats
% des personnes avec chaque résultat
Percentile par nombre de réponses
Votre historique - résultats
Vous n’avez pas pris ce quiz